000 006060000a22001690004500
003 MACL
005 20160204162142.0
008 160204b xxu||||| |||| 00| 0 eng d
040 _aMACL
_cMACL
041 _aHindi
082 _a020
100 _aअनुज शास्‍त्री
_936915
245 _aपुस्‍तकालय पद्धति सैद्धान्तिक और व्‍यावहारिक
260 _bबिहार हिन्‍दी ग्रन्‍थ अकादमी
_aपटना
650 _aLibrary Sci.
_936840
942 _cHIN
_k020
_2ddc
999 _c29300
_d29300